Statystyki dla Największe lotniska na świecie

Kliknij tutaj aby rozwiązać quiz!

Ogólne statystyki

  • Ten quiz został rozwiązany 379 razy
  • Średni wynik to 7 z 10

Statystyki odpowiedzi

#Miasto% Poprawnych
7Londyn Heathrow
91%
2Pekin
84%
10Paryż. Lotnisko im. Charlesa de Gaulle'a
81%
4Los Angeles
76%
5Tokio Haneda
76%
3Dubaj
65%
1Atlanta
56%
9Szanghaj
56%
6Chicago
49%
8Hongkong
38%

Rozkład punktacji

Percentyl według liczby udzielonych odpowiedzi

Procent ludzi z każdym wynikiem

Twoja historia wyników

Nie rozwiązałeś tego quizu